LIBRARY & INFORMATION CENTRE, KCAET, TAVANUR

ONLINE PUBLIC ACCESS CATALOGUE (OPAC)

Elements of mechanical engineering / (Record no. 10308)

MARC details
000 -LEADER
fixed length control field 00711cam a2200277ua 4500
020 ## - INTERNATIONAL STANDARD BOOK NUMBER
ISBN 81-85099-05-7
041 ## - LANGUAGE CODE
Language code of text/sound track or separate title eng
082 ## - DEWEY DECIMAL CLASSIFICATION NUMBER
Classification number 621.8
Item number ROY/EL
100 ## - MAIN ENTRY--AUTHOR NAME
Personal name Roy, K.P .
245 ## - TITLE STATEMENT
Title Elements of mechanical engineering /
250 ## - EDITION STATEMENT
Edition statement 5 /
260 ## - PUBLICATION, DISTRIBUTION, ETC. (IMPRINT)
Place of publication Bombay :
Name of publisher Media promoters and publishers pvt Ltd ,
Year of publication 1992.
300 ## - PHYSICAL DESCRIPTION
Number of Pages 561 ; .
500 ## - GENERAL NOTE
General note * CSS
700 1# - ADDED ENTRY--PERSONAL NAME
Personal name Bhattacharya, S C.
700 1# - ADDED ENTRY--PERSONAL NAME
Personal name Hajra Choudhury, A K.
700 1# - ADDED ENTRY--PERSONAL NAME
Personal name Hajra Choudhury, S K.
942 ## - ADDED ENTRY ELEMENTS (KOHA)
Koha item type Books
Holdings
Withdrawn status Lost status Damaged status Home library Current library Shelving location Date acquired Full call number Accession Number Koha item type
      KAUAET KAUAET Scheme 03/09/2018 621.8 ROY/EL 18142 Books
      KAUAET KAUAET Scheme 03/09/2018 621.8 ROY/EL 18143 Books
      KAUAET KAUAET Scheme 03/09/2018 621.8 ROY/EL 18144 Books
      KAUAET KAUAET Scheme 03/09/2018 621.8 ROY/EL 18145 Books
      KAUAET KAUAET Scheme 03/09/2018 621.8 ROY/EL 18146 Books
free website counter